000
00325nam a2200145Ia 4500
005
20251222175924.0
008
251222s9999||||xx |||||||||||||| ||spa||
020
_a
8422649055
082
_a
823/T22
100
_a
Tartt, Donna
245
0
_a
El Secreto
250
_a
1ra.ed.
264
_b
CĂrculo de Lectores
942
_c
LIB
999
_c
40793
_d
40793